000 00553nam a2200193Ia 4500
008 220216s9999 xx 000 0 und d
100 _aChrestin U
245 0 _aRubber tree (Hevea brasiliensis) bark necrosis syndrome III: A physiological disease linked to impaired cyanide metabolism
260 _bPlant Disease
_c2004
300 _a1047
650 _aBark necrosis
650 _aCyanide metabolism
700 _aNandris D
700 _aPellegrin F
700 _aSookmark P
700 _aTrouslot P
856 _uDisease Notes
942 _cJS
999 _c68093
_d68093